T20I Cricket Captains of West Indies - Statistics

General Stats
  • This quiz has been taken 23 times
  • The average score is 8 of 14
Answer Stats
No. Of Matches Captained Captains % Correct
17 Chris Gayle
100%
6 Dwayne Bravo
94%
47 Daren Sammy
82%
39 Kieron Pollard
82%
23 Nicholas Pooran
82%
3 Jason Holder
71%
24 Rovman Powell
71%
1 Shivnarine Chanderpaul
71%
3 Denesh Ramdin
47%
2 Ramnaresh Sarwan
47%
30 Carlos Brathwaite
35%
3 Brandon King
29%
1 Floyd Reifer
6%
3 Jason Mohammed
6%
No matching quizzes found
Score Distribution
Percent of People with Each Score
Percentile by Number Answered
Your Score History
You have not taken this quiz